Pierwiastki liczb 0-20 - Statystyki

Ogólne statystyki
  • Ten quiz został rozwiązany 127 razy
  • Średni wynik to 8 z 21
Statystyki odpowiedzi
Pierwiastek liczba % Poprawnych
√1 1
98%
√4 2
95%
√0 0
94%
√16 4
89%
√9 3
88%
√2 1,41
44%
√3 1.73
40%
√5 2,24
19%
√6 2,45
17%
√8 2,83
17%
√18 4,24
16%
√7 2,65
15%
√10 3,16
15%
√12 3,46
14%
√17 4,12
14%
√20 4,47
14%
√11 3,31
13%
√13 3,61
13%
√14 3,74
13%
√15 3,87
13%
√19 4,36
13%
Nie znaleziono quizów pasujących do podanych kryteriów
Rozkład punktacji
Procent ludzi z każdym wynikiem
Percentyl według liczby udzielonych odpowiedzi
Twoja historia wyników
Nie rozwiązałeś tego quizu